LEADER 00844nam0 2200265 450 001 000019135 005 20081111101351.0 100 $a20081111d1967----km-y0itay50------ba 101 0 $aeng 102 $aGB 105 $ay-------001yy 200 1 $a<>new industrial state$fJohn Kenneth Galbraith 210 $aLondon$cHamish Hamilton$d1967 215 $aXIV, 427 p.$d23 cm 500 10$a<>new industrial state$932360 610 1 $aStati Uniti d'America$aIndustria 610 1 $aStato e industria 676 $a338.0973$v19$9Produzione. Stati Uniti 676 $a338.0973$v20$9Produzione. Stati Uniti d'America 700 1$aGalbraith,$bJohn Kenneth$033228 801 0$aIT$bUNIPARTHENOPE$c20081111$gRICA$2UNIMARC 912 $a000019135 951 $a051/8$b2418$cNAVA2 996 $aNew industrial state$932360 997 $aUNIPARTHENOPE